Autour de la dissidence
| Titel: | Autour de la dissidence : L'intelligentsia française entre célébration et identification ennoblissante |
|---|---|
| Verfasser: | |
| In: |
Revue historique, Band 121 / 297, Heft 601 (1997), Seite 223-250 alle Artikel anzeigen |
| Veröffentlicht: | 1997 |
| Format: | Aufsatz |
| Sprache: | Französisch |
X
alg: 39216176 001A $01999:11-11-16 001B $01999:16-05-21 $t20:24:03.000 001C $06050:19-11-16 $t08:53:46.000 001D $01999:11-11-16 001U $0utf8 001X $00 002@ $0Aox 003@ $0392161761 007A $0392161761 $aHEB 007T $0Herd08173 010@ $afre 011@ $a1997 021A $aAutour de la dissidence $dL'intelligentsia française entre célébration et identification ennoblissante 028A $aHourmant $dFrançois 031A $d121 / 297 $e601 $h223-250 $j1997 037A $aBetr. auch die Charta 77 (229-234) 039B $aIn $8--Abvc--. Revue historique. - Paris : Presses Univ. de France, 1876-. - ISSN 0035-3264 $x199700001210601777 $9047310693 045F $a306.094371 $eDDC23BSB 045F/01 $a306.09 045F/03 $g4371 045F/03 $g438 045T $a8 lok: 39216176 78 exp: 39216176 78 1 #EPN 201B/01 $026-11-17 $t00:59:49.000 201U/01 $0utf8 203@/01 $0788257889 208@/01 $a11-11-16 $be 209A/01 $a/ $f000 $x00 220C/01 $aTitelaufnehmer: nk 244Z/01 $2Trx $#Poola $#Lenkija $#Polija $#Polen Land $#Poland $#Lengyelország $#Poľsko $#Polsko $8--Trx--Polska$gkraj $x01 $9391345966 244Z/01 $#Tschechien $#Tschechische Republik $#Tschechische Republik $#Tschechenland $#Tschechei Tschechien $#Česká Republika $#Czech Republic $#ČR $74303381-7 $8--Tg1--Tschechien $x02 $9086659812 244Z/01 $2Trx $#Böhmen $#Bohemia $#Czechy $8--Trx--Čechy $x03 $9391188941 244Z/01 $aGeschichte 1974-1977 $x04 244Z/01 $2Trx $#haritlased $#intelektualai $#Intellectuals $#értelmiségiek $#intelektualiści $#intelektuáli $#intelektuálové $8--Trx--Intellektuelle $x05 $9391368176 244Z/01 $2Trx $#vastupanu, antikommunistlik $#antikomunistinis pasipriešinimas $#anticommunist resistance $#ellenállás, antikommunista $#opozycja antykomunistyczna $#odboj, protikomunistický $#odboj, protikomunistický $8--Trx--Widerstand, antikommunistischer $x06 $9391367366 244Z/01 $2Trx $#inimõigused $#žmogaus teisės $#human rights $#emberi jogok $#prawa człowieka $#práva ľudské $#práva lidská $#Grundrechte $#Kinderrechte $#prawa dziecka $#práva základné $#práva základní $8--Trx--Menschenrechte $x07 $9391383361 244Z/01 $2Trx $#Charta 77 1977-1992 $#Chartija 77 1977-1992 $#Charta 77 1977-1992 $#Karta 77 1977-1992 $#Karta 77 1977-1992 $#Charta 77 1977-1992 $#Charta 77 1977-1992 $8--Trx--Charta 77$g1977-1992 $x08 $9391368079 244Z/01 $2Trx $8--Trx--Zeitschriftenaufsatz $x09 $9391384341 245Z/01 $a11.01 $x01 247C/01 $82080>Marburg/Lahn, Herder-Institut, Forschungsbibliothek, Bibliographieportal $9336309341
| LEADER | 00000caa a22000002c 4500 | ||
|---|---|---|---|
| 001 | 392161761 | ||
| 003 | DE-603 | ||
| 005 | 20210516202403.0 | ||
| 007 | tu | ||
| 008 | 161111s1997 xx |||| | u00||u|fre c | ||
| 035 | |a (DE-599)HEB392161761 | ||
| 040 | |a DE-603 |b ger |c DE-603 |d DE-603 | ||
| 041 | |a fre | ||
| 082 | 0 | 4 | |8 1\u |a 306.094371 |q DE-101 |2 23/BSB |
| 084 | |a 8 |2 ssgn | ||
| 085 | |8 1\u |b 306.09 | ||
| 085 | |8 1\u |z 2 |s 4371 | ||
| 085 | |8 1\u |z 2 |s 438 | ||
| 100 | 1 | |a Hourmant, François | |
| 245 | 0 | 0 | |a Autour de la dissidence |b L'intelligentsia française entre célébration et identification ennoblissante |
| 264 | 0 | |c 1997 | |
| 500 | |a Betr. auch die Charta 77 (229-234) | ||
| 773 | 0 | 8 | |i In |t Revue historique |d Paris : Presses Univ. de France, 1876- |x 0035-3264 |g Band 121 / 297, Heft 601 (1997), Seite 223-250 |w (DE-603)047310693 |w (DE-600)209825-8 |
| 924 | 0 | |9 2080 |a (DE-603)788257889 |b DE-2080 |c HES |d d |g / | |


